000 00829nam a22002417a 4500
003 OSt
005 20251122104532.0
008 251122b |||||||| |||| 00| 0 eng d
020 _a9781483319032
040 _aDWCL-Main lib
_cOC
082 _2 2nd edition
_aCirc. 005.55 E46i 2016
100 _aElliot, Alan
245 _a IBM SPSS by Example:
_ba practical guide to statistical data analysis/
_cAlan Elliot
250 _a 2nd edition
260 _aLos Angeles,
_bSage publications, inc.,
_cc2016.
300 _a xxiii, 342 pages :
_billustrations; color illustrations ;
_c23cm.
504 _aIncludes index.
650 _a1. mathematical statistics
650 _a2. Social science-- statistical methods
650 _a3. SPSS/ PC
700 _aWayne A. Woodward
942 _2ddc
_cBK-CIRC
_e 2nd edition
_kCirc.
_n0
999 _c6035
_d6035